| Tag |
First Indicator |
Second Indicator |
Subfields |
| LEADER |
00000cam a2200000 a 4500 |
| 001 |
in00000511124 |
| 005 |
20151013070045.0 |
| 008 |
830801s1983 paua b 00110 eng |
| 010 |
|
|
|a 82073836
|
| 020 |
|
|
|a 0871697327
|
| 035 |
|
|
|a (OCoLC)09382008
|
| 035 |
|
|
|9 ACD9866AM
|
| 039 |
0 |
|
|a 2
|b 3
|c 3
|d 3
|e 3
|
| 040 |
|
|
|a DLC
|c DLC
|d TXA
|d UtOrBLW
|
| 043 |
|
|
|a e-uk---
|a n-us---
|
| 049 |
|
|
|a TXAM
|c [1675987]
|
| 050 |
0 |
0 |
|a D750
|b .R49 1983
|
| 082 |
0 |
|
|a 940.53/2241
|2 19
|
| 090 |
|
|
|a Q11
|b .P6 v.73, pt.2
|
| 100 |
1 |
|
|a Reynolds, David,
|d 1952-
|
| 245 |
1 |
0 |
|a Lord Lothian and Anglo-American relations, 1939-1940 /
|c David Reynolds.
|
| 264 |
|
1 |
|a Philadelphia :
|b American Philosophical Society,
|c 1983.
|
| 300 |
|
|
|a 65 pages :
|b illustrations ;
|c 26 cm.
|
| 336 |
|
|
|a text
|b txt
|2 rdacontent
|
| 337 |
|
|
|a unmediated
|b n
|2 rdamedia
|
| 338 |
|
|
|a volume
|b nc
|2 rdacarrier
|
| 490 |
1 |
|
|a Transactions of the American Philosophical Society,
|x 0065-9746 ;
|v v. 73, pt. 2 (1983)
|
| 500 |
|
|
|a Includes index.
|
| 504 |
|
|
|a Bibliography: pages 61-63.
|
| 600 |
1 |
0 |
|a Lothian, Philip Henry Kerr,
|c Marquis of,
|d 1882-1940.
|
| 650 |
|
0 |
|a World War, 1939-1945
|x Diplomatic history.
|
| 651 |
|
0 |
|a Great Britain
|x Foreign relations
|z United States.
|
| 651 |
|
0 |
|a United States
|x Foreign relations
|z Great Britain.
|
| 830 |
|
0 |
|a Transactions of the American Philosophical Society ;
|v v. 73, pt. 2.
|
| 999 |
|
|
|a MARS
|
| 999 |
f |
f |
|s 931839e6-7a76-3a7b-84fe-181b63d65a5a
|i 8ac838c0-4b24-3ac7-ab1e-26a16ff9490b
|t 0
|
| 952 |
f |
f |
|p ric
|a Texas A&M University
|b Rellis Campus
|c Joint Library Facility
|d Remote Storage
|t 0
|e Q11 .P6 v.73, pt.2
|h Library of Congress classification
|i unmediated -- volume
|m A14807689470
|
| 998 |
f |
f |
|a Q11 .P6 v.73, pt.2
|t 0
|l Remote Storage
|